000 00641nam a2200193 i 4500
001 19662
003 ES-MaACL
005 20230906152137.0
007 t|
008 021007s1924 sp ||||1| fre d
100 0 _aAbelló, José
_918076
245 1 0 _aAppareil de golgi du foie, et pigment des fibres musculaires cardiaque et lisse /
_cJosé Abelló Pascual.
260 _aMadrid :
_b[s.n.],
_c1924.
300 _a9 h. :
_bil. ;
_c25 cm.
500 _aEs separata de la Revista Trimestral Micrográfica, T. XXVII, p. 191-208.
650 4 _aAparato de Golgi.
_9159192
852 _aES-MaACL
_j1675-F-5
_bR.34790
999 _c19662
_d19662